000 00316cam a22001097a 4500
008 180718b1986 xxu||||| |||| 00| 0 eng d
082 _aT3 In8i/1
245 _aImprove your business: handbook
_cedited by E.N. Dickson
260 _aGeneva
_bInternational Labour Office
_c1986
300 _a83+p
700 _aDickson, E.N.
999 _c497746
_d497746